书目信息 |
| 题名: |
现代光学实验教程
|
|
| 作者: | 王仕璠 主编 ;刘艺 , 余学才 , 王仕璠 编 | |
| 分册: | ||
| 出版信息: | 北京 北京邮电学院出版社 2004.08 |
|
| 页数: | 164页 | |
| 开本: | 26cm | |
| 丛书名: | ||
| 单 册: | ||
| 中图分类: | O43-33 | |
| 科图分类: | ||
| 主题词: | 光学--实验--高等学校--教材 | |
| 电子资源: | ||
| ISBN: | 7-5635-0916-X | |
| 000 | 01014nam0 2200265 450 | |
| 001 | 0130713452 | |
| 005 | 20050531084009.32 | |
| 010 | @a7-5635-0916-X@dCNY 17.00 | |
| 100 | @a20050308d2004 km y0chiy0120 ea | |
| 101 | 0 | @achi |
| 102 | @aCN@b110000 | |
| 105 | @aa a 000yy | |
| 200 | 1 | @a现代光学实验教程@Axian dai guang xue shi yan jiao cheng@f王仕璠主编@Fwang shi fan zhu bian@g编著王仕璠, 刘艺, 余学才@Gbian zhu wang shi fan,liu yi,yu xue cai |
| 210 | @a北京@c北京邮电学院出版社@d2004.08 | |
| 215 | @a164页@c图@d26cm | |
| 320 | @a有书目。 | |
| 330 | @a本书系统介绍现代光学实验的相关实验课题,内容涉及激光器 参数测量、全息照相和显示、全息光学元件、全息信息存储、全息干涉计量、空间滤波与光学信息处理、光电子技术等共34个实验。 | |
| 606 | 0 | @a光学@x实验@x高等学校@x教材 |
| 690 | @aO43-33@v4 | |
| 701 | 0 | @a王仕璠@Awang shi fan@4主编 |
| 702 | 0 | @a刘艺@Aliu yi@4编 |
| 702 | 0 | @a余学才@Ayu xue cai@4编 |
| 702 | 0 | @a王仕璠@Awang shi fan@4编 |
| 801 | 0 | @aCN@bQSSK@c20050531 |
| 905 | @a10447@dO43-33@eW341 | |
| 现代光学实验教程/王仕璠主编/编著王仕璠, 刘艺, 余学才.-北京:北京邮电学院出版社,2004.08 |
| 164页:图;26cm |
| ISBN 7-5635-0916-X:CNY 17.00 |
| 本书系统介绍现代光学实验的相关实验课题,内容涉及激光器 参数测量、全息照相和显示、全息光学元件、全息信息存储、全息干涉计量、空间滤波与光学信息处理、光电子技术等共34个实验。 |
| ● |
| 相关链接 |
|
|
|
正题名:现代光学实验教程
索取号:O43-33/W341
 
预约/预借
| 序号 | 登录号 | 条形码 | 馆藏地/架位号 | 状态 | 备注 |
| 1 | 499218 | 204992188 | 自科库401/401自科库 88排2列5层/ [索取号:O43-33/W341] | 在馆 | |
| 2 | 499219 | 204992197 | 自科库401/401自科库 88排2列5层/ [索取号:O43-33/W341] | 在馆 | |
| 3 | 499220 | 204992204 | 自科库401/401自科库 88排2列5层/ [索取号:O43-33/W341] | 在馆 |